000
00303cam a22001097a 4500
008
180718b1975 xxu||||| |||| 00| 0 eng d
082
_a
L1x5413 s/1975
245
_a
Budget speech, 1975-76 (Hindi)
_c
by Finance Department
260
_a
Patna
_b
Government of Bihar
_c
1975
300
_a
v.p.
650
_a
Budget
999
_c
503552
_d
503552